000 00410nam a22001697a 4500
999 _c7618
_d7618
003 GBCCL
005 20241126110632.0
008 180904b ||||| |||| 00| 0 eng d
040 _cgbc
082 _a248.2
_bPEA
100 _aPearce, J Winston
_96360
245 _aGod calls me
260 _c1958.
_aNashville:
_bConvention press,
300 _a138p. ;
650 _aChristian life
_9183
942 _2ddc
_cBK
_01